000 00511nam a2200193Ia 4500
003 GCL
008 140319s9999 xx 000 0 ara d
040 _aGCL /
_cGCL
082 0 4 _a220
_bع م
100 1 _aعبدالرازق نوفل
245 1 0 _aمن الايات العلمية /
_cعبدالرازق نوفل
260 _a[S.N] :
_bدار الشروق ،
_c1989
300 _a131 ص
490 _a
650 0 4 _aالاسلام
650 0 4 _aالعلم
650 0 4 _aالقران
942 _2ddc
_cBK
999 _c33646
_d33646